|
|
|
|
| LEADER |
00000cam a22000004a 4500 |
| 001 |
musev2_13623 |
| 003 |
MdBmJHUP |
| 005 |
20230905041512.0 |
| 006 |
m o d |
| 007 |
cr||||||||nn|n |
| 008 |
070628s2008 tnu o 00 0 eng d |
| 010 |
|
|
|z 2007026255
|
| 020 |
|
|
|a 9780826592392
|
| 020 |
|
|
|z 9780826515865
|
| 035 |
|
|
|a (OCoLC)769189782
|
| 040 |
|
|
|a MdBmJHUP
|c MdBmJHUP
|
| 050 |
0 |
4 |
|a HQ1063.6
|b .P48 2008
|
| 082 |
0 |
|
|a 306.874084/609969
|2 22
|
| 100 |
1 |
|
|a Phillips, Kathy J.,
|d 1950-
|
| 245 |
1 |
4 |
|a The Moon in the Water :
|b Reflections on an Aging Parent /
|c Kathy J. Phillips.
|
| 250 |
|
|
|a 1st ed.
|
| 264 |
|
1 |
|a Nashville :
|b Vanderbilt University Press,
|c 2008.
|
| 264 |
|
3 |
|a Baltimore, Md. :
|b Project MUSE,
|c 2013
|
| 264 |
|
4 |
|c ©2008.
|
| 300 |
|
|
|a 1 online resource (160 pages):
|b ill. ;
|
| 336 |
|
|
|a text
|b txt
|2 rdacontent
|
| 337 |
|
|
|a computer
|b c
|2 rdamedia
|
| 338 |
|
|
|a online resource
|b cr
|2 rdacarrier
|
| 504 |
|
|
|a Includes bibliographical references.
|
| 588 |
|
|
|a Description based on print version record.
|
| 650 |
|
0 |
|a Avalokiteśvara (Buddhist deity)
|x Art
|v Miscellanea.
|
| 650 |
|
0 |
|a Parent and adult child
|v Anecdotes.
|
| 650 |
|
0 |
|a Caregivers
|v Anecdotes.
|
| 650 |
|
0 |
|a Adult children of aging parents
|v Anecdotes.
|
| 650 |
|
0 |
|a Aging parents
|x Care
|v Anecdotes.
|
| 655 |
|
7 |
|a Electronic books.
|2 local
|
| 710 |
2 |
|
|a Project Muse.
|e distributor
|
| 830 |
|
0 |
|a Book collections on Project MUSE.
|
| 856 |
4 |
0 |
|z Texto completo
|u https://projectmuse.uam.elogim.com/book/13623/
|
| 945 |
|
|
|a Project MUSE - Custom Collection
|
| 945 |
|
|
|a Project MUSE - Archive Poetry, Fiction and Creative Non-Fiction Supplement
|
| 945 |
|
|
|a Project MUSE - Archive Complete Supplement
|